000 00842nam a22002537a 4500
001 BR2018000114
003 BR-BrBNA
005 20230928105223.0
007 ta
008 230509b bl.||||| |||| 00| 0 por d
040 _aBR-BrBNA
_bpor
_cBiblioteca Nacional de Agricultura
041 _a(Por)
072 _aL53
090 _ L53 BR2018000114
110 1 _aSociedade Brasileira de Tecnologia de Embriões, Jaboticabal, SP (Brasil)
_99795
111 1 _a25. Reunião da Sociedade Brasileira de Tecnologia de Embriões
_cCumbuco-CE
_d18-20 de agosto de 2011
245 1 _aAnais da 25 Reunião da Sociedade Brasileira de Tecnologia de Embriões
260 3 _aJaboticabal, SP (Brasil):
_c2011.
300 _a470 p.
650 _aREPRODUÇÃO ANIMAL
650 _aEMBRIÃO ANIMAL
909 _a202309
_bLucia
_c55
_dLucia Elande
942 _cBK
999 _c84103
_d84103